Visual research methods : image, society, and representation / (Record no. 8629)
[ view plain ]
| 000 -LEADER | |
|---|---|
| fixed length control field | 02247nac a22002531u 4500 |
| 090 ## - LOCALLY ASSIGNED LC-TYPE CALL NUMBER (OCLC); LOCAL CALL NUMBER (OCLC) | |
| -- | 8629 |
| 008 - FIXED-LENGTH DATA ELEMENTS--GENERAL INFORMATION | |
| fixed length control field | 080821t xxu||||| |||| 00| 0 eng d |
| 020 ## - INTERNATIONAL STANDARD BOOK NUMBER | |
| International Standard Book Number | 9781412939546 : |
| 020 ## - INTERNATIONAL STANDARD BOOK NUMBER | |
| International Standard Book Number | 1412939542: |
| 082 ## - DEWEY DECIMAL CLASSIFICATION NUMBER | |
| Classification number | 300.72 |
| Item number | STA |
| 100 ## - MAIN ENTRY--PERSONAL NAME | |
| Personal name | Stanczak, Gregory C., |
| 245 ## - TITLE STATEMENT | |
| Title | Visual research methods : image, society, and representation / |
| Remainder of title | image, society, and representation / |
| Statement of responsibility, etc | Gregory C. Stanczak. |
| 260 ## - PUBLICATION, DISTRIBUTION, ETC. (IMPRINT) | |
| Place of publication, distribution, etc | Thousand Oaks, [Calif.] : |
| Name of publisher, distributor, etc | Sage Publications, 2007. |
| Date of publication, distribution, etc | c2007. |
| 300 ## - PHYSICAL DESCRIPTION | |
| Extent | ix,366 p.: |
| Other physical details | ill.; |
| Dimensions | 24 cm. |
| 500 ## - GENERAL NOTE | |
| General note | Distributer: Bacca |
| 504 ## - BIBLIOGRAPHY, ETC. NOTE | |
| Bibliography, etc | Includes bibliographical references and index. |
| 505 ## - FORMATTED CONTENTS NOTE | |
| Formatted contents note | Introduction : images, methodologies, and generating social knowledge / Gregory C. Stanczak -- Observing culture and social life : documentary photography, fieldwork, and social research / Jon Wagner -- All photos lie : images as data / Barry Goldstein -- Capturing the visual traces of historical change : the internet mission photography archive / Jon Miller -- The failure of "the president’s choice" / Erina Duganne -- Using photography in studies of immigrant communities : reflecting across projects and populations / Steven J. Gold -- Inner-city children in sharper focus : sociology of childhood and photo-elicitation interviews / Marisol Clark-Ibanez -- When words are not enough : eliciting children’s experiences of buddhist monastic life through photographs / Jeffrey Samuels -- Signs of resistance : marking public space through a renewed cultural activism / Emmanuel David -- Performances, confessions, and identities : using video diaries to researching sexualities / Ruth Holliday -- Video methodology replacement -- Website design : the precarious blend of narrative, aesthetics and social theory / Stephen Papson, Robert Goldman, and Noah Kersey. |
| 511 ## - PARTICIPANT OR PERFORMER NOTE | |
| Participant or performer note | Catalogued by: Sara |
| 650 ## - SUBJECT ADDED ENTRY--TOPICAL TERM | |
| Topical term or geographic name as entry element | a Social sciences |
| Form subdivision | Research. |
| 650 ## - SUBJECT ADDED ENTRY--TOPICAL TERM | |
| Topical term or geographic name as entry element | Social sciences |
| Form subdivision | Study and teaching. |
| 856 ## - ELECTRONIC LOCATION AND ACCESS | |
| Materials specified | Publisher description |
| Electronic format type | http://www.loc.gov/catdir/enhancements/fy0701/2006031955-d.html |
| 942 ## - ADDED ENTRY ELEMENTS (KOHA) | |
| Item type | Book - Borrowing |
| Call number prefix | 300.72STA |
| Source of classification or shelving scheme | Dewey Decimal Classification |
| Withdrawn status | Item status | Source of classification or shelving scheme | Damaged status | Not for loan | Home library | Current library | Shelving location | Date acquired | Source of acquisition | Total Checkouts | Total Renewals | Full call number | Barcode | Checked out | Date last seen | Date last borrowed | Koha item type |
|---|---|---|---|---|---|---|---|---|---|---|---|---|---|---|---|---|---|
| Dewey Decimal Classification | Central Library | Central Library | First floor | 08/03/2016 | Purchase | 2 | 2 | 300.72 STA | 000010566 | 18/12/2021 | 24/05/2009 | 24/05/2009 | Book - Borrowing |